[Event "Ruhrgebiet Bezirksliga 16/17"]
[Site "Ruhrgebiet"]
[Date "2017.04.23"]
[Round "11.3"]
[White "Przybela, Josef Franz"]
[Black "Kampmann, Michael"]
[Result "1/2-1/2"]
[WhiteElo "1668"]
[BlackElo "1597"]
[PlyCount "28"]
[EventDate "2016.08.28"]
[EventType "team-tourn"]
[EventRounds "11"]
[EventCountry "GER"]
[SourceTitle "EXT 2022"]
[Source "ChessBase"]
[SourceDate "2021.10.06"]
[SourceVersion "1"]
[SourceVersionDate "2021.10.06"]
[SourceQuality "1"]
[WhiteTeam "Hamm Koenigsspringer II"]
[BlackTeam "Luenen Horstmar SC II"]
[WhiteTeamCountry "GER"]
[BlackTeamCountry "GER"]

1. d4 Nf6 2. Nf3 d5 3. c4 c6 4. cxd5 Nxd5 5. e4 Nf6 6. Nc3 g6 7. Be2 Bg7 8. 0-0 0-0 9. h3 b6 10. Be3 Bb7 11. Qd2 Nbd7 12. Rfd1 e6 13. Bg5 Qe8 14. Bh6 b5 1/2-1/2

[Event "Ruhrgebiet Bezirksliga 16/17"]
[Site "Ruhrgebiet"]
[Date "2016.08.28"]
[Round "1.3"]
[White "Kampmann, Michael"]
[Black "Stolle, Dietmar"]
[Result "0-1"]
[WhiteElo "1597"]
[BlackElo "2013"]
[PlyCount "74"]
[EventDate "2016.08.28"]
[EventType "team-tourn"]
[EventRounds "11"]
[EventCountry "GER"]
[SourceTitle "EXT 2022"]
[Source "ChessBase"]
[SourceDate "2021.10.06"]
[SourceVersion "1"]
[SourceVersionDate "2021.10.06"]
[SourceQuality "1"]
[WhiteTeam "Luenen Horstmar SC II"]
[BlackTeam "Wickede SK"]
[WhiteTeamCountry "GER"]
[BlackTeamCountry "GER"]

1. e4 c5 2. Nf3 d6 3. Nc3 Nc6 4. h3 g6 5. Bc4 Bg7 6. 0-0 e6 7. Re1 Nge7 8. a3 0-0 9. Ne2 d5 10. exd5 exd5 11. Ba2 d4 12. d3 h6 13. Ng3 Kh7 14. Ne4 b6 15. Qd2 Nf5 16. Qf4 g5 17. Nexg5+ hxg5 18. Nxg5+ Kg8 19. Nxf7 Rxf7 20. Bxf7+ Kxf7 21. g4 Qd5 22. gxf5 Bxf5 23. Qh4 Rh8 24. Qf4 Rxh3 25. Re4 Kg6 26. Qg5+ Kh7 27. Rh4+ Rxh4 28. Qxh4+ Kg8 29. Bf4 Qe6 30. Qh5 c4 31. dxc4 Bxc2 32. Rc1 Qg6+ 33. Qxg6 Bxg6 34. b4 d3 35. Kf1 Bb2 36. Rd1 Bxa3 37. b5 Na5 0-1

[Event "Ruhrgebiet Bezirksliga 15/16"]
[Site "Ruhrgebiet"]
[Date "2015.11.22"]
[Round "4.7"]
[White "Jaeger, Manfred"]
[Black "Kampmann, Michael"]
[Result "0-1"]
[WhiteElo "1501"]
[BlackElo "1586"]
[PlyCount "54"]
[EventDate "2015.08.30"]
[EventType "team-tourn"]
[EventRounds "9"]
[EventCountry "GER"]
[SourceTitle "EXT 2022"]
[Source "ChessBase"]
[SourceDate "2021.10.06"]
[SourceVersion "1"]
[SourceVersionDate "2021.10.06"]
[SourceQuality "1"]
[WhiteTeam "Kamen SV III"]
[BlackTeam "Luenen Horstmar SC"]
[WhiteTeamCountry "GER"]
[BlackTeamCountry "GER"]

1. Nf3 d5 2. d4 Nf6 3. g3 c6 4. Bg2 Bf5 5. 0-0 e6 6. Nbd2 Nbd7 7. c4 dxc4 8. Nxc4 h6 9. Bf4 Nd5 10. Nd6+ Bxd6 11. Bxd6 N7f6 12. Ba3 Ne7 13. Nh4 Be4 14. f3 Bh7 15. f4 Be4 16. Bxe4 Nxe4 17. Qd3 Qd5 18. Rfd1 g5 19. fxg5 hxg5 20. Ng2 Nf5 21. Ne3 Nxe3 22. Qxe3 f5 23. b3 f4 24. gxf4 gxf4 25. Qf3 0-0-0 26. Rd3 Rdg8+ 27. Kh1 Nf2# 0-1